International Business,: The Challenge of Globalization (Record no. 4591)

MARC details
005 - DATE AND TIME OF LATEST TRANSACTION
control field 20250623074215.0
020 ## - INTERNATIONAL STANDARD BOOK NUMBER
International Standard Book Number 0-273-77975-3
082 ## - DEWEY DECIMAL CLASSIFICATION NUMBER
Classification number 658.049WIL
100 ## - MAIN ENTRY--PERSONAL NAME
Author name Wild J. John
245 ## - TITLE STATEMENT
Title International Business,: The Challenge of Globalization
250 ## - EDITION STATEMENT
Edition statement 6th Ed
260 ## - PUBLICATION, DISTRIBUTION, ETC.
Place of publication, distribution, etc. New York,
Name of publisher, distributor, etc. British Library Cataloging-In- Publication Data
Date of publication, distribution, etc. 2013
300 ## - PHYSICAL DESCRIPTION
Extent 462p,:illl, table, figure, picture,
Other physical details Endnotes,Glossary, Index,
Dimensions 27cm.
700 ## - ADDED ENTRY--PERSONAL NAME
Other authors/Editors Wild L. K.,Varma S.
942 ## - ADDED ENTRY ELEMENTS (KOHA)
Source of classification or shelving scheme Dewey Decimal Classification
Koha item type Books
Holdings
Date last seen Total checkouts Full call number Barcode Cost, replacement price Price effective from Koha item type Lost status Source of classification or shelving scheme Damaged status Not for loan Withdrawn status Home library Current library Shelving location Date acquired Cost, normal purchase price
06/28/2025   658.049 WIL DOM0002274 60000.00 06/28/2025 Books   Dewey Decimal Classification       CBE Dodoma CBE Dodoma General Collection 06/28/2025 20000.00
06/28/2025   658.049 WIL DOM0002067 60000.00 06/28/2025 Books   Dewey Decimal Classification       CBE Dodoma CBE Dodoma General Collection 06/28/2025 20000.00